[Event "Moscow Aeroflot op-A"]
[Site "Moscow"]
[Date "2025.03.05"]
[Round "7"]
[White "Garv, Gaur"]
[Black "Yashmetov, Mikhail"]
[Result "1/2-1/2"]
[WhiteElo "2374"]
[BlackElo "2309"]
[PlyCount "51"]
[EventDate "2025.03.01"]
[EventType "swiss"]
[EventRounds "9"]
[EventCountry "RUS"]
[SourceTitle "CB11_2025"]
[SourceDate "2025.03.12"]
[SourceVersion "1"]
[SourceVersionDate "2025.03.12"]
[SourceQuality "1"]

1. d4 Nf6 2. c4 g6 3. g3 Bg7 4. Bg2 d5 5. cxd5 Nxd5 6. Nf3 Nb6 7. Nc3 Nc6 8. e3 0-0 9. 0-0 Re8 10. Re1 e5 11. d5 Na5 12. e4 c6 13. Bg5 f6 14. Be3 Nac4 15. Bc5 cxd5 16. exd5 f5 17. Qb3 e4 18. Nd4 Bd7 19. Red1 Rc8 20. Ne6 Bxe6 21. dxe6 Qf6 22. Bxb6 axb6 23. e7 Qxe7 24. Nd5 Qf7 25. Nxb6 Nxb6 26. Qxb6 1/2-1/2

[Event "Titled Tuesday intern op 25th Jun Early"]
[Site "Chess.com INT"]
[Date "2024.06.25"]
[Round "3"]
[White "Moroni, Luca Jr"]
[Black "Yashmetov, Mikhail"]
[Result "0-1"]
[WhiteElo "2573"]
[BlackElo "2309"]
[PlyCount "142"]
[EventDate "2024.06.25"]
[EventType "swiss (blitz)"]
[EventRounds "11"]
[EventCountry "USA"]
[SourceTitle "EXT 2025"]
[Source "ChessBase"]
[SourceDate "2024.10.14"]
[SourceVersion "1"]
[SourceVersionDate "2024.10.14"]
[SourceQuality "1"]

1. d4 Nf6 2. Bf4 e6 3. e3 d5 4. Nf3 c5 5. Nbd2 Qb6 6. Rb1 Bd7 7. Be2 Nc6 8. c3 Be7 9. h3 a5 10. 0-0 0-0 11. Bd3 Rfd8 12. Qe2 a4 13. dxc5 Qxc5 14. e4 dxe4 15. Nxe4 Nxe4 16. Qxe4 g6 17. Rfd1 Na5 18. Be3 Qc7 19. Bd4 Nc6 20. Be3 Na5 21. Ne5 f5 22. Qf4 Bd6 23. Bd4 Nc6 24. Re1 Ra5 25. Qh4 Bxe5 26. Bxe5 Rxe5 27. Bc4 Re8 28. a3 Kg7 29. Ba2 Rxe1+ 30. Rxe1 e5 31. Bd5 e4 32. Qg5 Be6 33. Bxc6 bxc6 34. h4 Qe7 35. Qf4 Rd8 36. h5 Qd6 37. Qg5 Rd7 38. h6+ Kf7 39. Rf1 Qd2 40. Qg3 Qxh6 41. Qb8 Qf8 42. Qb6 Qd6 43. Qa6 Bb3 44. Re1 Qc5 45. Rf1 Kg7 46. Qc8 Qd5 47. Qe8 Qe6 48. Qb8 Rd2 49. Qb4 Rxb2 50. c4 Qxc4 51. Qe7+ Qf7 52. Qe5+ Qf6 53. Qc7+ Bf7 54. Rd1 Ra2 55. g3 Ra1 56. Rxa1 Qxa1+ 57. Kh2 Qb2 58. Kh3 Qc3 59. Qa7 c5 60. Kh4 c4 61. Kh3 Qf6 62. Kg2 c3 63. Qc5 Bb3 64. Qc7+ Kh6 65. Qf4+ g5 66. Qc7 c2 67. Qc5 Kg6 68. Qc7 h5 69. Qc3 Qxc3 70. g4 hxg4 71. f4 exf3+ 0-1

[Event "Titled Tuesday intern op 25th Jun Early"]
[Site "Chess.com INT"]
[Date "2024.06.25"]
[Round "9"]
[White "Yanchenko, Roman"]
[Black "Yashmetov, Mikhail"]
[Result "0-1"]
[WhiteElo "2466"]
[BlackElo "2309"]
[PlyCount "152"]
[EventDate "2024.06.25"]
[EventType "swiss (blitz)"]
[EventRounds "11"]
[EventCountry "USA"]
[SourceTitle "EXT 2025"]
[Source "ChessBase"]
[SourceDate "2024.10.14"]
[SourceVersion "1"]
[SourceVersionDate "2024.10.14"]
[SourceQuality "1"]

1. d4 d5 2. c4 dxc4 3. Nc3 Nf6 4. Nf3 c6 5. Bg5 b5 6. Bxf6 exf6 7. a4 b4 8. Na2 Qa5 9. e3 Be6 10. Qd2 Na6 11. Be2 Rb8 12. 0-0 c3 13. bxc3 b3 14. Bxa6 bxa2 15. Bd3 Ba3 16. c4 Qxd2 17. Nxd2 Rb2 18. Ne4 0-0 19. Rfc1 Rfb8 20. Kf1 R2b3 21. Rc3 Rxc3 22. Nxc3 Rb3 23. Rxa2 Rxc3 24. Ke2 Bb4 25. Rb2 a5 26. e4 Bxc4 27. Bxc4 Rxc4 28. Kd3 Rc3+ 29. Ke2 Kf8 30. f3 Ke7 31. h4 Kd6 32. h5 Ra3 33. Rc2 Rxa4 34. f4 Ra3 35. e5+ fxe5 36. dxe5+ Kd5 37. Rc1 Ra2+ 38. Kf3 Ra3+ 39. Kg4 Rd3 40. h6 gxh6 41. Kf5 a4 42. Kf6 a3 43. Kxf7 a2 44. e6 Re3 45. f5 Re1 46. Rxe1 Bxe1 47. e7 a1Q 48. e8Q Bc3 49. Qe6+ Kc5 50. Qxh6 Be5 51. Qxh7 Qa7+ 52. Kg6 Qa2 53. Qe7+ Bd6 54. Qe3+ Kb5 55. g4 Qd5 56. Qe2+ Kb4 57. f6 Qg8+ 58. Kf5 Qh7+ 59. Ke6 Bc5 60. Qd2+ Kc4 61. Qc1+ Kb4 62. Qb2+ Kc4 63. Qa2+ Kd4 64. Qa4+ Kc3 65. Qa1+ Kc4 66. f7 Qg6+ 67. Qf6 Qxg4+ 68. Qf5 Qxf5+ 69. Kxf5 Bf8 70. Ke6 Kb4 71. Kd7 c5 72. Ke8 Bh6 73. Ke7 c4 74. f8Q Bxf8+ 75. Ke6 c3 76. Ke5 c2 0-1

[Event "Titled Tuesday intern op 25th Jun Early"]
[Site "Chess.com INT"]
[Date "2024.06.25"]
[Round "11"]
[White "Yashmetov, Mikhail"]
[Black "Popov, Konstantin"]
[Result "0-1"]
[WhiteElo "2309"]
[BlackElo "2386"]
[PlyCount "200"]
[EventDate "2024.06.25"]
[EventType "swiss (blitz)"]
[EventRounds "11"]
[EventCountry "USA"]
[SourceTitle "EXT 2025"]
[Source "ChessBase"]
[SourceDate "2024.10.14"]
[SourceVersion "1"]
[SourceVersionDate "2024.10.14"]
[SourceQuality "1"]

1. d4 Nf6 2. Nf3 b6 3. g3 Bb7 4. Bg2 g6 5. 0-0 Bg7 6. c4 0-0 7. d5 e6 8. Nc3 a5 9. e4 Na6 10. e5 Ne8 11. Bg5 f6 12. exf6 Bxf6 13. Bxf6 Nxf6 14. dxe6 dxe6 15. Qe2 Nc5 16. Rad1 Qe7 17. Ne5 Bxg2 18. Kxg2 Rae8 19. f4 Nfd7 20. Rfe1 Nxe5 21. Qxe5 Rd8 22. Qe3 Qf6 23. b3 Rf7 24. Ne4 Nxe4 25. Rxd8+ Qxd8 26. Qxe4 Re7 27. Re2 Qd6 28. Qa8+ Kg7 29. Qe4 Kf7 30. Qa8 Re8 31. Qe4 Rd8 32. Qf3 Qd3 33. Qg4 Rd6 34. Qf3 Qxf3+ 35. Kxf3 Kf6 36. Ke4 Rd1 37. Ke3 Kf5 38. Kf2 Ra1 39. Kf3 Rf1+ 40. Kg2 Rb1 41. Kf3 Kf6 42. Ke4 a4 43. bxa4 Rb4 44. Kd4 Rxa4 45. Kc3 Ra5 46. Kb4 g5 47. fxg5+ Rxg5 48. Kc3 h5 49. Kd4 Ra5 50. Rf2+ Ke7 51. Kc3 Rg5 52. Kd4 Kd6 53. Rf6 h4 54. Rf3 Rg4+ 55. Kd3 Kc5 56. h3 Rd4+ 57. Ke3 hxg3 58. Rxg3 Rxc4 59. Rg7 Kd6 60. Rg2 Rc3+ 61. Kd4 Rxh3 62. Kc4 c6 63. Rd2+ Kc7 64. Rg2 b5+ 65. Kc5 Rc3+ 66. Kd4 Rc1 67. Ke5 Re1+ 68. Kd4 Kd6 69. Rg8 c5+ 70. Kc3 b4+ 71. Kc4 Rc1+ 72. Kd3 Kd5 73. Rd8+ Ke5 74. Rc8 Rc3+ 75. Kd2 Ke4 76. Re8 e5 77. Rh8 Ra3 78. Rh4+ Kd5 79. Kc1 Rxa2 80. Kb1 Rg2 81. Rh8 e4 82. Rd8+ Kc4 83. Re8 Kd3 84. Rd8+ Kc3 85. Re8 Re2 86. Rd8 b3 87. Rd1 c4 88. Rc1+ Kb4 89. Rd1 e3 90. Rc1 Rd2 91. Ka1 b2+ 92. Kb1 bxc1Q+ 93. Kxc1 Kc3 94. Kb1 e2 95. Kc1 e1N 96. Kb1 Rh2 97. Ka1 Nf3 98. Kb1 Nd2+ 99. Ka1 Nb3+ 100. Kb1 Rb2# 0-1

[Event "Titled Tuesday intern op 25th Jun Early"]
[Site "Chess.com INT"]
[Date "2024.06.25"]
[Round "7"]
[White "Yashmetov, Mikhail"]
[Black "Pranesh, Munirethinam"]
[Result "0-1"]
[WhiteElo "2309"]
[BlackElo "2561"]
[PlyCount "122"]
[EventDate "2024.06.25"]
[EventType "swiss (blitz)"]
[EventRounds "11"]
[EventCountry "USA"]
[SourceTitle "EXT 2025"]
[Source "ChessBase"]
[SourceDate "2024.10.14"]
[SourceVersion "1"]
[SourceVersionDate "2024.10.14"]
[SourceQuality "1"]

1. d4 Nf6 2. Nf3 d5 3. g3 Bf5 4. Bg2 h6 5. 0-0 e6 6. c4 c6 7. Qb3 Qb6 8. c5 Qxb3 9. axb3 a6 10. Nc3 Nbd7 11. b4 Rc8 12. h3 Be7 13. Bf4 Ne4 14. g4 Bh7 15. Nxe4 Bxe4 16. Ne5 Bxg2 17. Kxg2 f6 18. Ng6 Rg8 19. Nxe7 Kxe7 20. Bd6+ Kf7 21. f4 f5 22. Kf3 Nf6 23. Rg1 Ne4 24. Be5 g5 25. Ke3 Kg6 26. Raf1 Rcf8 27. fxg5 hxg5 28. h4 f4+ 29. Kd3 gxh4 30. Bxf4 Rf7 31. Rf3 Rgf8 32. Ke3 Nd2 33. Kxd2 Rxf4 34. Ke3 Kg5 35. Rgf1 Re4+ 36. Kd3 Rff4 37. R1f2 Rxd4+ 38. Kc3 Rc4+ 39. Kd3 Rxb4 40. Rxf4 Rxf4 41. Rh2 Rxg4 42. Rf2 h3 43. Rf7 Rh4 44. Rg7+ Kf6 45. Rg1 h2 46. Rh1 Ke5 47. Ke3 Rh3+ 48. Kf2 Ke4 49. Kg2 Rh7 50. Kg3 d4 51. Kg2 e5 52. Kg3 Kd5 53. Kg2 a5 54. Kg3 a4 55. Kg2 Kxc5 56. Kg3 Kd5 57. Kg2 c5 58. Kg3 c4 59. Kg2 b5 60. Kg3 b4 61. Kg2 Rg7+ 0-1

[Event "Titled Tuesday intern op 18th Jun Early"]
[Site "Chess.com INT"]
[Date "2024.06.18"]
[Round "1"]
[White "Feliz Dotel, Dewar Bienvenido"]
[Black "Yashmetov, Mikhail"]
[Result "0-1"]
[WhiteElo "2027"]
[BlackElo "2309"]
[PlyCount "54"]
[EventDate "2024.06.18"]
[EventType "swiss (blitz)"]
[EventRounds "11"]
[EventCountry "USA"]
[SourceTitle "EXT 2025"]
[Source "ChessBase"]
[SourceDate "2024.10.14"]
[SourceVersion "1"]
[SourceVersionDate "2024.10.14"]
[SourceQuality "1"]

1. Nf3 Nf6 2. c4 c6 3. g3 g6 4. b4 d5 5. cxd5 cxd5 6. Bg2 Bg7 7. Bb2 0-0 8. 0-0 Qb6 9. a3 a5 10. Bd4 Qa6 11. Qb3 Qxe2 12. Re1 Qc4 13. Qxc4 dxc4 14. Rxe7 Nc6 15. Re1 Nxd4 16. Nxd4 axb4 17. Ra2 b3 18. Ra1 Nd7 19. Re4 Nc5 20. Rf4 Nd3 21. Rh4 g5 22. Rh5 Bxd4 23. Rxg5+ Kh8 24. Nc3 Bxc3 25. dxc3 b2 26. Rb1 Rxa3 27. Be4 Ra1 0-1

[Event "Titled Tuesday intern op 18th Jun Early"]
[Site "Chess.com INT"]
[Date "2024.06.18"]
[Round "11"]
[White "Rosen, Eric S"]
[Black "Yashmetov, Mikhail"]
[Result "1-0"]
[WhiteElo "2361"]
[BlackElo "2309"]
[PlyCount "77"]
[EventDate "2024.06.18"]
[EventType "swiss (blitz)"]
[EventRounds "11"]
[EventCountry "USA"]
[SourceTitle "EXT 2025"]
[Source "ChessBase"]
[SourceDate "2024.10.14"]
[SourceVersion "1"]
[SourceVersionDate "2024.10.14"]
[SourceQuality "1"]

1. e4 c6 2. d4 d5 3. exd5 cxd5 4. c3 Nc6 5. Bd3 Nf6 6. Bf4 Bg4 7. Nf3 e6 8. 0-0 Bd6 9. Bxd6 Qxd6 10. Nbd2 0-0 11. Qe1 Nd7 12. Nh4 e5 13. dxe5 Ndxe5 14. Bf5 Rae8 15. Qb1 Qh6 16. Bxg4 Nxg4 17. Nhf3 Nxh2 18. Nxh2 Qxd2 19. Rd1 Qf4 20. Rxd5 Re2 21. Rf5 Qd2 22. Nf1 Qxb2 23. Ng3 Rc2 24. Ne4 Re8 25. Nd6 Re7 26. Qxb2 Rxb2 27. a4 b6 28. Rd1 g6 29. Rf3 Ne5 30. Re3 Nc6 31. Rf3 Ra2 32. Rf4 Rd7 33. Rd3 Ne5 34. Rdd4 Ra1+ 35. Kh2 g5 36. Rfe4 Nc6 37. Nf5 Rd8 38. Rxd8+ Nxd8 39. Re8# 1-0

[Event "Titled Tuesday intern op 18th Jun Early"]
[Site "Chess.com INT"]
[Date "2024.06.18"]
[Round "9"]
[White "Yashmetov, Mikhail"]
[Black "Csonka, Balazs"]
[Result "0-1"]
[WhiteElo "2309"]
[BlackElo "2481"]
[PlyCount "74"]
[EventDate "2024.06.18"]
[EventType "swiss (blitz)"]
[EventRounds "11"]
[EventCountry "USA"]
[SourceTitle "EXT 2025"]
[Source "ChessBase"]
[SourceDate "2024.10.14"]
[SourceVersion "1"]
[SourceVersionDate "2024.10.14"]
[SourceQuality "1"]

1. d4 Nf6 2. Nf3 g6 3. g3 Bg7 4. Bg2 0-0 5. 0-0 d5 6. c4 c6 7. b3 Bf5 8. Bb2 Nbd7 9. e3 a5 10. Nc3 Ne4 11. Nh4 Nxc3 12. Bxc3 Be6 13. Qe2 dxc4 14. bxc4 Nb6 15. c5 Bc4 16. Qe1 Nd5 17. Nf3 b5 18. cxb6 Qxb6 19. Rb1 Qc7 20. Bd2 Rfb8 21. Rxb8+ Qxb8 22. Qc1 Bxf1 23. Bxf1 Qb6 24. Bc4 e6 25. Ne1 Rb8 26. Nd3 Qb1 27. Bxa5 c5 28. dxc5 Qxc1+ 29. Nxc1 Rb1 30. Bd2 Bb2 31. Bd3 Ra1 32. Kg2 Bxc1 33. Ba5 Rxa2 34. Bc4 Rxa5 35. Bxd5 exd5 36. c6 Rc5 37. c7 Rxc7 0-1

[Event "Titled Tuesday intern op 18th Jun Early"]
[Site "Chess.com INT"]
[Date "2024.06.18"]
[Round "6"]
[White "Yashmetov, Mikhail"]
[Black "Sheehan, Ethan"]
[Result "1-0"]
[WhiteElo "2309"]
[BlackElo "2311"]
[PlyCount "123"]
[EventDate "2024.06.18"]
[EventType "swiss (blitz)"]
[EventRounds "11"]
[EventCountry "USA"]
[SourceTitle "EXT 2025"]
[Source "ChessBase"]
[SourceDate "2024.10.14"]
[SourceVersion "1"]
[SourceVersionDate "2024.10.14"]
[SourceQuality "1"]

1. d4 d5 2. Nf3 Nf6 3. g3 Bf5 4. Bg2 h6 5. 0-0 e6 6. c4 c6 7. Qb3 Qb6 8. c5 Qxb3 9. axb3 a6 10. Nc3 Nbd7 11. b4 Rc8 12. h3 Be7 13. g4 Bh7 14. Nd2 0-0 15. Nb3 Bd8 16. Bf4 Re8 17. Bd6 e5 18. Rac1 Re6 19. dxe5 Nxe5 20. Nd4 Re8 21. b3 Bc7 22. Bxc7 Rxc7 23. Rfe1 Rce7 24. Kf1 g5 25. Rcd1 h5 26. f3 hxg4 27. hxg4 Kg7 28. Rd2 Ned7 29. Kf2 Bg6 30. Nd1 Kf8 31. Rh1 Kg8 32. Re1 Ne5 33. Ne3 Ned7 34. Nef5 Bxf5 35. Nxf5 Re5 36. Nh6+ Kg7 37. Nf5+ Kf8 38. Rh1 Kg8 39. Nh6+ Kg7 40. Nf5+ Kg8 41. Rh6 R5e6 42. Rh1 a5 43. bxa5 Nxc5 44. b4 Na6 45. Rb2 Nc7 46. Nh6+ Kg7 47. Nf5+ Kg8 48. Nh6+ Kf8 49. Nf5 Nb5 50. Rh8+ Ng8 51. e3 Nc3 52. Rd2 Re5 53. Bf1 f6 54. Bd3 Kf7 55. Bc2 Kf8 56. Rd3 Nb5 57. Rd1 Nc7 58. Rdh1 Ne6 59. R1h7 Rb8 60. Bd3 Nd8 61. Rg7 Rxf5 62. Rhxg8# 1-0

[Event "Titled Tuesday intern op 04th Jun Early"]
[Site "Chess.com INT"]
[Date "2024.06.04"]
[Round "6"]
[White "Javakhadze, Zurab"]
[Black "Yashmetov, Mikhail"]
[Result "1-0"]
[WhiteElo "2417"]
[BlackElo "2309"]
[PlyCount "101"]
[EventDate "2024.06.04"]
[EventType "swiss (blitz)"]
[EventRounds "11"]
[EventCountry "USA"]
[SourceTitle "EXT 2025"]
[Source "ChessBase"]
[SourceDate "2024.10.14"]
[SourceVersion "1"]
[SourceVersionDate "2024.10.14"]
[SourceQuality "1"]

1. e4 c6 2. d3 d5 3. Nf3 dxe4 4. dxe4 Qxd1+ 5. Kxd1 f6 6. Nfd2 e5 7. Bc4 Bc5 8. Ke2 Nh6 9. Nb3 Bb6 10. a4 a5 11. N1d2 Ng4 12. f3 Ne3 13. Bd3 Nxg2 14. Nc4 Ba7 15. Nbxa5 Be6 16. Nxb7 Nd7 17. Nba5 Rc8 18. Nd6+ Ke7 19. Nxc8+ Rxc8 20. Bc4 g5 21. Bxe6 Kxe6 22. Rd1 Nf4+ 23. Bxf4 gxf4 24. Ra3 Rg8 25. Nxc6 Rg2+ 26. Kd3 Be3 27. b4 Rxh2 28. a5 Kd6 29. a6 Kxc6 30. a7 Bxa7 31. Rxa7 Rf2 32. b5+ Kxb5 33. Rxd7 Rxf3+ 34. Ke2 Re3+ 35. Kf2 Rxe4 36. R1d6 Rc4 37. Rxf6 Rxc2+ 38. Kf3 Rc3+ 39. Ke2 Re3+ 40. Kd2 Kc5 41. Rf8 Kc6 42. Rxh7 Kd5 43. Ra8 Rg3 44. Ra5+ Ke4 45. Re7 Rg2+ 46. Ke1 Rg5 47. Kf2 Rh5 48. Ra4+ Kf5 49. Rxe5+ Kxe5 50. Ra5+ Ke4 51. Rxh5 1-0

[Event "Titled Tuesday intern op 28th May Early"]
[Site "Chess.com INT"]
[Date "2024.05.28"]
[Round "3"]
[White "Yashmetov, Mikhail"]
[Black "Rustemov, Alexander"]
[Result "1-0"]
[WhiteElo "2308"]
[BlackElo "2525"]
[PlyCount "79"]
[EventDate "2024.05.28"]
[EventType "swiss (blitz)"]
[EventRounds "11"]
[EventCountry "USA"]
[SourceTitle "EXT 2025"]
[Source "ChessBase"]
[SourceDate "2024.10.14"]
[SourceVersion "1"]
[SourceVersionDate "2024.10.14"]
[SourceQuality "1"]

1. d4 d5 2. Nf3 Nf6 3. g3 c6 4. Bg2 Bf5 5. 0-0 e6 6. c4 Be7 7. Qb3 Qb6 8. c5 Qxb3 9. axb3 Nbd7 10. Nc3 a6 11. b4 0-0-0 12. h3 h6 13. g4 Bh7 14. Bf4 Ne4 15. Rfc1 Nxc3 16. Rxc3 Nb8 17. Ne5 Rhf8 18. b5 f6 19. bxa6 Nxa6 20. Nxc6 bxc6 21. Rxa6 Kd7 22. Rb3 Ke8 23. Rxc6 Kf7 24. Rb7 Rfe8 25. Rcc7 Kf8 26. Bd6 Bxd6 27. Rf7+ Kg8 28. Rxg7+ Kh8 29. Rxh7+ Kg8 30. Rbg7+ Kf8 31. cxd6 Rxd6 32. Rg6 Re7 33. Rxf6+ Ke8 34. Rxe7+ Kxe7 35. Rxh6 Rb6 36. Bxd5 Rxb2 37. Rxe6+ Kd7 38. Re3 Kd6 39. Bf3 Rb4 40. d5 1-0

[Event "Titled Tuesday intern op 21st May Early"]
[Site "Chess.com INT"]
[Date "2024.05.21"]
[Round "2"]
[White "Alcazar Jimenez, Jesus Alberto"]
[Black "Yashmetov, Mikhail"]
[Result "1-0"]
[WhiteElo "2147"]
[BlackElo "2308"]
[PlyCount "129"]
[EventDate "2024.05.21"]
[EventType "swiss (blitz)"]
[EventRounds "11"]
[EventCountry "USA"]
[SourceTitle "CBM 220 Extra"]
[Source "ChessBase"]
[SourceDate "2024.07.31"]
[SourceVersion "1"]
[SourceVersionDate "2024.07.31"]
[SourceQuality "1"]

1. c4 c5 2. Nc3 Nc6 3. Nf3 g6 4. e3 Bg7 5. d4 Nf6 6. Be2 cxd4 7. exd4 d5 8. h3 0-0 9. 0-0 b6 10. Ne5 Bb7 11. Bf3 e6 12. Be3 Rc8 13. cxd5 Nxe5 14. dxe5 Nxd5 15. Nxd5 Bxd5 16. Bxd5 Qxd5 17. Qxd5 exd5 18. Bd4 Rc4 19. Rad1 Rfc8 20. f4 Bf8 21. Kh2 Rc2 22. Bc3 Rd8 23. Rd3 Bc5 24. Rfd1 d4 25. b4 Rc8 26. Be1 Bf8 27. Rxd4 Rxa2 28. Rd8 Rcc2 29. R1d2 Rxd2 30. Bxd2 a5 31. bxa5 bxa5 32. f5 Rxd2 33. Rxd2 gxf5 34. Ra2 Bb4 35. Kg3 Kg7 36. Kf4 Kg6 37. g4 fxg4 38. hxg4 Kg7 39. Kf5 Kf8 40. g5 Kg7 41. Rc2 Be7 42. Rc7 Kf8 43. Rc8+ Kg7 44. Ra8 Bb4 45. Ra7 h6 46. gxh6+ Kxh6 47. Rxf7 a4 48. Ra7 a3 49. Kf6 Kh5 50. e6 Bc5 51. Ra6 Kg4 52. e7 Bxe7+ 53. Kxe7 Kf4 54. Rxa3 Ke4 55. Ke6 Kd4 56. Ra5 Kc4 57. Kd6 Kb4 58. Rc5 Kb3 59. Kd5 Kb4 60. Kd4 Kb3 61. Rc4 Ka3 62. Kc3 Ka2 63. Rb4 Ka1 64. Kc2 Ka2 65. Ra4# 1-0

[Event "Titled Tuesday intern op 21st May Early"]
[Site "Chess.com INT"]
[Date "2024.05.21"]
[Round "11"]
[White "Yashmetov, Mikhail"]
[Black "Lantini, Marco"]
[Result "1-0"]
[WhiteElo "2308"]
[BlackElo "2005"]
[PlyCount "165"]
[EventDate "2024.05.21"]
[EventType "swiss (blitz)"]
[EventRounds "11"]
[EventCountry "USA"]
[SourceTitle "CBM 220 Extra"]
[Source "ChessBase"]
[SourceDate "2024.07.31"]
[SourceVersion "1"]
[SourceVersionDate "2024.07.31"]
[SourceQuality "1"]

1. d4 Nf6 2. Nf3 e6 3. g3 d5 4. Bg2 Bb4+ 5. c3 Bd6 6. 0-0 c6 7. c4 Nbd7 8. Qb3 0-0 9. Nc3 Re8 10. Bf4 Qc7 11. Bxd6 Qxd6 12. Rac1 dxc4 13. Qxc4 e5 14. Rfd1 e4 15. Ng5 e3 16. Qxf7+ Kh8 17. Qxe8+ Nxe8 18. Nf7+ Kg8 19. Nxd6 Nxd6 20. fxe3 Nc4 21. Nd5 Nxb2 22. Rd2 Na4 23. Ne7+ Kf7 24. Nxc8 Rxc8 25. d5 c5 26. d6 b6 27. Bd5+ Ke8 28. Bb3 b5 29. Bxa4 bxa4 30. e4 c4 31. Rd4 Nb6 32. d7+ Nxd7 33. Rcxc4 Rb8 34. Rxa4 Ne5 35. Rxa7 Kf8 36. Rd5 Ng4 37. Rdd7 Rb1+ 38. Kg2 Rb8 39. Rf7+ Ke8 40. Rae7+ Kd8 41. Rxg7 Ne3+ 42. Kf2 Nd1+ 43. Kg2 Ne3+ 44. Kf3 Nf1 45. Rxh7 Nxh2+ 46. Rxh2 Kxe7 47. Rh7+ Kf6 48. Rh6+ Kg5 49. Ra6 Rb2 50. Ra5+ Kf6 51. Rf5+ Ke6 52. a4 Ra2 53. a5 Ra3+ 54. e3 Ra1 55. g4 Rf1+ 56. Kg3 Re1 57. Kf2 Ra1 58. g5 Ra4 59. Kf3 Ra1 60. a6 Rxa6 61. Rf6+ Ke5 62. Rf5+ Ke6 63. Kf4 Ra1 64. Rf6+ Ke7 65. e5 Rf1+ 66. Ke4 Rg1 67. Kf5 Rf1+ 68. Kg6 Re1 69. Rf3 Ke6 70. Kg7 Kxe5 71. g6 Ke6 72. Kh7 Rh1+ 73. Kg8 Ke7 74. g7 Rh2 75. e4 Rh4 76. Rf7+ Ke8 77. e5 Rh5 78. e6 Rh6 79. Ra7 Rh5 80. Rf7 Rh6 81. Rf8+ Ke7 82. Rf1 Kxe6 83. Kf8 1-0

[Event "Titled Tuesday intern op 21st May Early"]
[Site "Chess.com INT"]
[Date "2024.05.21"]
[Round "9"]
[White "Yashmetov, Mikhail"]
[Black "Leschinsky, Gary"]
[Result "1-0"]
[WhiteElo "2308"]
[BlackElo "1992"]
[PlyCount "51"]
[EventDate "2024.05.21"]
[EventType "swiss (blitz)"]
[EventRounds "11"]
[EventCountry "USA"]
[SourceTitle "CBM 220 Extra"]
[Source "ChessBase"]
[SourceDate "2024.07.31"]
[SourceVersion "1"]
[SourceVersionDate "2024.07.31"]
[SourceQuality "1"]

1. d4 Nf6 2. Nf3 g6 3. g3 Bg7 4. Bg2 0-0 5. 0-0 d6 6. c4 Bf5 7. Nh4 Be4 8. Nf3 c5 9. Nc3 Bxf3 10. Bxf3 cxd4 11. Qxd4 Nc6 12. Qh4 Ne5 13. Bxb7 Rb8 14. Bg2 Rb4 15. b3 d5 16. Ba3 Qa5 17. Bxb4 Qxb4 18. Nxd5 Nxd5 19. cxd5 Qd2 20. Qf4 Qb2 21. Rad1 Qxa2 22. Qa4 Qxa4 23. bxa4 Nc4 24. Rc1 Nd2 25. Rfd1 Nb3 26. Rc7 1-0

[Event "Titled Tuesday intern op 21st May Early"]
[Site "Chess.com INT"]
[Date "2024.05.21"]
[Round "3"]
[White "Yashmetov, Mikhail"]
[Black "Mejia, Cherry Ann"]
[Result "1-0"]
[WhiteElo "2308"]
[BlackElo "1964"]
[PlyCount "105"]
[EventDate "2024.05.21"]
[EventType "swiss (blitz)"]
[EventRounds "11"]
[EventCountry "USA"]
[SourceTitle "CBM 220 Extra"]
[Source "ChessBase"]
[SourceDate "2024.07.31"]
[SourceVersion "1"]
[SourceVersionDate "2024.07.31"]
[SourceQuality "1"]

1. d4 d5 2. Nf3 Nf6 3. g3 b5 4. Bg2 Bb7 5. 0-0 e6 6. a4 b4 7. a5 a6 8. Ne5 c5 9. c4 Nc6 10. Qa4 Rc8 11. Bg5 Be7 12. cxd5 exd5 13. dxc5 0-0 14. Nd3 h6 15. Bxf6 Bxf6 16. Nd2 Nd4 17. e3 Nc6 18. Rad1 d4 19. e4 Ne5 20. Nxe5 Bxe5 21. Nc4 Rxc5 22. Nxe5 Rxe5 23. Qxb4 Bxe4 24. Rxd4 Rb5 25. Qd2 Qxa5 26. Qxa5 Rxa5 27. Bxe4 g6 28. Bd3 Rb8 29. b4 Ra4 30. Rc4 Raxb4 31. Rxb4 Rxb4 32. Bxa6 Rb2 33. Rc1 Rb6 34. Bf1 Kg7 35. Rc7 Rb1 36. Kg2 Rb6 37. Bc4 Rf6 38. f4 g5 39. Kf3 gxf4 40. gxf4 Kg6 41. Ke4 h5 42. Ke5 Rf5+ 43. Ke4 Rf6 44. Re7 h4 45. h3 Kg7 46. f5 Kg8 47. Ke5 Kg7 48. Ra7 Rc6 49. Rxf7+ Kh6 50. Bd5 Rc1 51. Rf6+ Kg5 52. Rg6+ Kh5 53. Bf3# 1-0

[Event "Titled Tuesday intern op 21st May Early"]
[Site "Chess.com INT"]
[Date "2024.05.21"]
[Round "8"]
[White "Yashmetov, Mikhail"]
[Black "Truskavetsky, Alexandr"]
[Result "0-1"]
[WhiteElo "2308"]
[BlackElo "2327"]
[PlyCount "86"]
[EventDate "2024.05.21"]
[EventType "swiss (blitz)"]
[EventRounds "11"]
[EventCountry "USA"]
[SourceTitle "CBM 220 Extra"]
[Source "ChessBase"]
[SourceDate "2024.07.31"]
[SourceVersion "1"]
[SourceVersionDate "2024.07.31"]
[SourceQuality "1"]

1. d4 Nf6 2. g3 e6 3. Bg2 d5 4. Nf3 Be7 5. 0-0 Nc6 6. c4 dxc4 7. Na3 Bxa3 8. bxa3 b5 9. Rb1 Rb8 10. a4 b4 11. Bf4 Nd5 12. Qc1 Ba6 13. e4 Nc3 14. Rb2 0-0 15. Rc2 Nxd4 16. Nxd4 Qxd4 17. Bxc7 Rb7 18. Ba5 Nxa4 19. Rd1 Qc5 20. Bd8 Nc3 21. Rdd2 Rb8 22. Bh4 h6 23. g4 Bb7 24. Bg3 Rbd8 25. a3 a5 26. axb4 axb4 27. Bf4 Rxd2 28. Qxd2 Bxe4 29. Bxe4 Nxe4 30. Qe2 Nc3 31. Qf1 Qd4 32. Be3 Qxg4+ 33. Kh1 Qe4+ 34. Qg2 Qxc2 35. Bxh6 Qd1+ 36. Qg1 Qxg1+ 37. Kxg1 gxh6 38. Kg2 b3 39. Kh3 b2 40. Kh4 b1Q 41. Kh5 Qf5+ 42. Kh4 h5 43. Kg3 Qg4# 0-1

[Event "Titled Tuesday intern op 30th Apr Early"]
[Site "Chess.com INT"]
[Date "2024.04.30"]
[Round "7"]
[White "Yashmetov, Mikhail"]
[Black "Kostiukov, Alexandr"]
[Result "1-0"]
[WhiteElo "2307"]
[BlackElo "2271"]
[PlyCount "41"]
[EventDate "2024.04.30"]
[EventType "swiss (blitz)"]
[EventRounds "11"]
[EventCountry "USA"]
[SourceTitle "CBM 220 Extra"]
[Source "ChessBase"]
[SourceDate "2024.07.31"]
[SourceVersion "1"]
[SourceVersionDate "2024.07.31"]
[SourceQuality "1"]

1. d4 g6 2. h4 Nf6 3. Nc3 d6 4. e4 d5 5. e5 Ne4 6. Nxe4 dxe4 7. Be3 f5 8. h5 Bg7 9. Nh3 e6 10. Bg5 Qd5 11. Nf4 Qa5+ 12. c3 h6 13. Bf6 Bxf6 14. exf6 g5 15. Ng6 Rh7 16. Bc4 Kf7 17. d5 Kxf6 18. Qd4+ Kf7 19. dxe6+ Bxe6 20. 0-0-0 Nc6 21. Qd7+ 1-0

[Event "Titled Tuesday intern op 30th Apr Early"]
[Site "Chess.com INT"]
[Date "2024.04.30"]
[Round "4"]
[White "Yashmetov, Mikhail"]
[Black "Timmermans, Mark"]
[Result "0-1"]
[WhiteElo "2307"]
[BlackElo "2398"]
[PlyCount "80"]
[EventDate "2024.04.30"]
[EventType "swiss (blitz)"]
[EventRounds "11"]
[EventCountry "USA"]
[SourceTitle "CBM 220 Extra"]
[Source "ChessBase"]
[SourceDate "2024.07.31"]
[SourceVersion "1"]
[SourceVersionDate "2024.07.31"]
[SourceQuality "1"]

1. d4 Nf6 2. c4 e6 3. Nc3 Bb4 4. e3 Ne4 5. Qb3 c5 6. Bd3 d5 7. cxd5 exd5 8. Bxe4 dxe4 9. dxc5 Na6 10. Nge2 Nxc5 11. Qc4 Be6 12. Qb5+ Bd7 13. Qc4 b5 14. Qd4 Nd3+ 15. Kf1 Bc6 16. Qxg7 Rf8 17. Nd4 Qh4 18. Qg3 Qf6 19. Bd2 Bd6 20. Nxc6 Bxg3 21. Nxe4 Qxc6 22. Nxg3 Qf6 23. Ne4 Qxb2 24. Ke2 Rd8 25. Rab1 Qe5 26. f3 f5 27. Bc3 Qe6 28. Nd2 a6 29. Rhd1 Rg8 30. g3 f4 31. Ne4 Qc4 32. Bd4 Nc1+ 33. Kd2 fxe3+ 34. Kxe3 Qe2+ 35. Kf4 Rf8+ 36. Ke5 Qxd1 37. Rb4 Nd3+ 38. Ke6 Nxb4 39. Nf6+ Rxf6+ 40. Bxf6 Qd5# 0-1